| RUSMARC |
| 000 | | | 06758cbm0a2200349#x 450 | | 001 | | | 02f6670e-762b-45e2-a969-c8d49ed4d8d2 | | 005 | | | 20251117115714.0 | | 100 | ## | $a | 20251117j19440711k###0rusy50 ca | | 101 | 0# | $a | rus | | 102 | ## | $a | RU | | 105 | ## | $a | y###z######## | | 122 | 0# | $a | d19440711## | | 200 | 1# | $a | Постановление ГКО СССР № 6154 сс о плане производства и поставок Наркомату обороны и Наркомату военно-морского флота артиллерийского, минометного и стрелкового вооружения и военных приборов в июле и 3 квартале 1944 г., с приложением ведомостей стволов и запасных частей к авиационному вооружению, кооперированных изделий и материалов, боеприпасов, паровозов и подвижного состава, автомашин и автоприцепов, оборудования, формовочных песков, особо дефицитных шарикоподшипников и стальных шариков, инструмента, приспособлений и приборов, кислорода и ацетилена, текстильных изделий, спецодежды и спецобуви, нефтепродуктов, проката черных и цветных металлов, кабельной и бумажной продукции, дефицитных металлов и материалов, планов производства и поставок военных приборов, пулеметных установок, холодного оружия, передков и ходов к арторудиям и минометам, бронепоездов, спецприцепов и вспомогательных изделий артиллерийского вооружения, докладной записки Берии Л. П., Вознесенского Н. А., Устинова Д. Ф., Паршина П. И., Яковлева Н. Д. Сталину И. В. | | | $j | 11 июля 1944 г. | | 251 | ## | $c | Документ | | 300 | ## | $a | Рассылочный и подлинный экземпляры | | 461 | #0 | $1 | 2001 | | | $a | Ф. 644 | | | $1 | 251 | | | $c | Фонд | | | $1 | 852 | | | $j | 644 | | 462 | #0 | $1 | 2001 | | | $a | Оп. 1 | | | $1 | 251 | | | $c | Опись | | | $1 | 852 | | | $j | 1 | | 601 | 01 | $2 | nlr_sh | | | $3 | RU\NLR\AUTH\6601614128 | | | $a | СССР | | | $b | Государственный Комитет Обороны | | | $x | История | | | $z | 1941 - 1945 | | | $j | Документы и материалы | | 601 | 01 | $2 | nlr_sh | | | $3 | RU\NLR\AUTH\6601746794 | | | $a | Рабоче-Крестьянская Красная армия | | | $c | 1918 - 1946 | | | $x | Материально-техническое снабжение | | | $z | 1941 - 1945 | | | $j | Документы и материалы | | 605 | ## | $2 | prlib_sh | | | $3 | LIBNET\UAF\0000088514 | | | $a | Вторая мировая война в архивных документах (Комплекс оцифрованных архивных документов, кино- и фотоматериалов) | | | $l | коллекция | | 605 | ## | $2 | acquisition_Prlib | | | $3 | DITM\AF\0000002775 | | | $a | Власть | | | $l | коллекция | | 606 | 1# | $2 | prlib_sh | | | $3 | LIBNET\UAF\0000111015 | | | $a | Военная промышленность | | | $x | История | | | $y | СССР | | | $z | 1941 - 1945 | | | $j | Документы и материалы | | 606 | 1# | $2 | nlr_sh | | | $3 | RU\NLR\AUTH\661280795 | | | $a | Великая Отечественная война | | | $z | 1941 - 1945 | | | $x | Тыл(воен.) | | | $j | Документы и материалы | | 606 | 1# | $2 | nlr_sh | | | $3 | RU\NLR\AUTH\6601600498 | | | $a | Вооружение | | | $x | История | | | $y | СССР | | | $z | 1941 - 1945 | | | $j | Документы и материалы | | 686 | ## | $a | 63.3(2)622-2ю1 | | | $2 | rubbk | | | $v | LBC/M | | 686 | ## | $a | 65.03(2)622ю1 | | | $2 | rubbk | | | $v | LBC/M | | 686 | ## | $a | 65.304.04ю1 | | | $2 | rubbk | | | $v | LBC/M | | 801 | #0 | $a | RU | | | $b | ПБ им. Б.Н. Ельцина | | | $c | 20251117 | | 801 | #1 | $a | RU | | | $b | ПБ им. Б.Н. Ельцина | | | $c | 20251117 | | | $2 | rusmarc | | 801 | #2 | $a | RU | | | $b | ПБ им. Б.Н. Ельцина | | | $c | 20251117 | | | $2 | rusmarc | | 850 | ## | $a | Российский государственный архив социально-политической истории | | 852 | ## | $a | РГАСПИ | | | $j | Д. 271. Л. 35-176; Оп. 2. Д. 350. Л. 74-207 | | 035 | ## | $a | LIBNET\0001512804 | | 937 | ## | $d | 198555586 | | | $h | Федеральное архивное агентство | | 856 | 4# | $u | http://readingroom.main.prlib.ru/item.aspx?id_node=n198555586&mode=full |
|